Řízení změn ve firmě reengineering - jak vybudovat úspěšnou firmu

Saved in:
Bibliographic Details
Main Author: Drdla, Miloš
Other Authors: Rais, Karel
Format: Book
Language:Czech
Published: Praha Computer Press 2000
Subjects:
Tags: Add Tag
No Tags, Be the first to tag this record!

MARC

LEADER 00000nam a2200000 4500
001 c124792
005 20221108093409.8
020 |a 80-7226-411-7 
041 0 |a cze 
044 |a CZ 
245 1 0 |a Řízení změn ve firmě  |b reengineering - jak vybudovat úspěšnou firmu  |c Miloš Drdla, Karel Rais 
264 1 |a Praha  |b Computer Press  |c 2000 
300 |a 145 s. 
610 2 0 |a riadenie zmien 
610 2 0 |a firmy 
610 2 0 |a úspech pracovný 
610 2 0 |a stratégia podniková 
610 2 0 |a rozhodovanie 
610 2 0 |a plánovanie podnikové 
610 2 0 |a zmeny organizačné 
610 2 0 |a zmeny štruktúrne 
610 2 0 |a štruktúra organizačná 
610 2 0 |a kultúra podniková 
610 2 0 |a štúdie prípadové 
610 2 0 |a reengineering 
100 1 |a Drdla, Miloš 
700 1 |a Rais, Karel